Countries Least Similar To Canada - Statistics

General Stats
  • This quiz has been taken 26 times
  • The average score is 10 of 20
Answer Stats
Rank Country Score % Correct
5 Niger 34.7
78%
1 Somalia 31.5
78%
4 Sudan 34.0
78%
6 Chad 35.4
74%
12 Ethiopia 37.2
70%
17 Djibouti 37.5
65%
12 Mali 37.2
65%
7 Mauritania 35.5
65%
10 Afghanistan 36.7
61%
2 Eritrea 33.1
61%
3 Yemen 33.9
61%
19 South Sudan 38.2
57%
18 Senegal 37.9
43%
19 Gambia 38.2
39%
8 Bangladesh 35.7
30%
9 Burundi 36.5
30%
12 Cambodia 37.2
22%
11 Guinea-Bissau 36.8
22%
12 Laos 37.2
22%
16 Togo 37.3
13%
No matching quizzes found
Score Distribution
Percent of People with Each Score
Percentile by Number Answered
Your Score History
You have not taken this quiz